[Event "Zagreb Hulak Memorial op 1st"]
[Site "Zagreb"]
[Date "2016.06.15"]
[Round "7"]
[White "Doric, Nenad"]
[Black "Selendic, Ivan"]
[Result "1-0"]
[WhiteElo "2267"]
[BlackElo "2069"]
[PlyCount "109"]
[EventDate "2016.06.10"]
[EventType "swiss"]
[EventRounds "9"]
[EventCountry "CRO"]
[SourceTitle "CBM 173 Extra"]
[Source "ChessBase"]
[SourceDate "2016.08.29"]
[SourceVersion "1"]
[SourceVersionDate "2016.08.29"]
[SourceQuality "1"]

1. d4 Nf6 2. Nf3 g6 3. c4 Bg7 4. Nc3 d6 5. e4 0-0 6. Be2 Re8 7. 0-0 Nbd7 8. e5 Ng4 9. e6 Ndf6 10. Ng5 fxe6 11. Bxg4 Nxg4 12. Qxg4 e5 13. Qh4 h6 14. Nf3 exd4 15. Nxd4 Kh7 16. Be3 c6 17. Rad1 Qa5 18. Rfe1 Qc7 19. f4 Bf6 20. Qf2 Bg4 21. Rd2 Qa5 22. h3 Bd7 23. c5 Qc7 24. Nde2 Rf8 25. Bd4 e5 26. cxd6 Qd8 27. Be3 exf4 28. Qxf4 Bg5 29. Qe5 Qf6 30. Qc5 Bh4 31. Red1 Rae8 32. Bd4 Qf7 33. Kh2 b6 34. Qa3 c5 35. Bg1 Bf6 36. Qxa7 Be5+ 37. Kh1 Qf5 38. Rd3 Qe6 39. Qxb6 c4 40. Rd5 Rf3 41. Rxe5 Rxh3+ 42. Bh2 Rxh2+ 43. Kxh2 Qxe5+ 44. Kg1 Rf8 45. Rf1 Rxf1+ 46. Kxf1 Qf6+ 47. Kg1 Qg5 48. Qc7 Qe3+ 49. Kf1 Qe6 50. Nd5 Qf5+ 51. Kg1 Qxd5 52. Qxd7+ Kg8 53. Qe8+ Kg7 54. Qe7+ Kg8 55. d7 1-0

[Event "Zagreb Hulak Memorial op 1st"]
[Site "Zagreb"]
[Date "2016.06.12"]
[Round "4"]
[White "Selendic, Ivan"]
[Black "Jurkovic, Ante"]
[Result "1-0"]
[WhiteElo "2069"]
[BlackElo "2307"]
[PlyCount "105"]
[EventDate "2016.06.10"]
[EventType "swiss"]
[EventRounds "9"]
[EventCountry "CRO"]
[SourceTitle "CBM 173 Extra"]
[Source "ChessBase"]
[SourceDate "2016.08.29"]
[SourceVersion "1"]
[SourceVersionDate "2016.08.29"]
[SourceQuality "1"]

1. e4 e6 2. d4 d5 3. exd5 exd5 4. Nf3 Bg4 5. Be2 Bd6 6. c3 Ne7 7. Nbd2 Nbc6 8. Nf1 f6 9. Ne3 Be6 10. Bd3 Qd7 11. Qc2 g6 12. Bd2 0-0-0 13. b4 Rde8 14. a4 Nf5 15. a5 Nxe3 16. fxe3 Ne7 17. 0-0 Bf5 18. a6 b6 19. e4 dxe4 20. Bxe4 Bxe4 21. Qxe4 Nd5 22. Qd3 Re7 23. Rfe1 Rhe8 24. b5 Bf4 25. c4 Be3+ 26. Bxe3 Nxe3 27. Re2 Qg4 28. Kh1 Qf5 29. Qc3 Ng4 30. Rxe7 Rxe7 31. Re1 Kd7 32. h3 Nf2+ 33. Kg1 Rxe1+ 34. Nxe1 Ne4 35. Qe3 g5 36. Nf3 Nd6 37. Nd2 Qe6 38. Qd3 Qf5 39. Qe3 h5 40. Qe2 g4 41. hxg4 hxg4 42. Qe3 Qc2 43. d5 Qf5 44. Qh6 Nf7 45. Qf8 Ng5 46. Qg7+ Kd6 47. c5+ Kxd5 48. Qxc7 Qe6 49. cxb6 Qe3+ 50. Kf1 Qd3+ 51. Ke1 Qe3+ 52. Kd1 Qg1+ 53. Kc2 1-0

[Event "Zagreb Hulak Memorial op 1st"]
[Site "Zagreb"]
[Date "2016.06.11"]
[Round "2"]
[White "Selendic, Ivan"]
[Black "Biti, Ozren"]
[Result "0-1"]
[WhiteElo "2069"]
[BlackElo "2354"]
[PlyCount "120"]
[EventDate "2016.06.10"]
[EventType "swiss"]
[EventRounds "9"]
[EventCountry "CRO"]
[SourceTitle "CBM 173 Extra"]
[Source "ChessBase"]
[SourceDate "2016.08.29"]
[SourceVersion "1"]
[SourceVersionDate "2016.08.29"]
[SourceQuality "1"]

1. e4 d6 2. d4 Nf6 3. Nc3 e5 4. Nf3 Nbd7 5. Bc4 Be7 6. dxe5 Nxe5 7. Nxe5 dxe5 8. Bg5 Qxd1+ 9. Rxd1 c6 10. f3 Nd7 11. Bxe7 Kxe7 12. a4 a5 13. Kf2 Nb6 14. Bb3 f6 15. Rd2 Rd8 16. Rhd1 Rxd2+ 17. Rxd2 Bd7 18. Rd1 g6 19. Ra1 Rf8 20. Ne2 Nc8 21. c3 Nd6 22. Nc1 b6 23. Nd3 Rc8 24. g4 c5 25. Bd5 c4 26. Ne1 Rc5 27. Nc2 f5 28. gxf5 gxf5 29. Ne3 f4 30. Nf1 Rc7 31. Nd2 Kf6 32. Ke2 Be8 33. Kf2 h6 34. Ke2 h5 35. h4 Rg7 36. Kf2 Bf7 37. Bxf7 Kxf7 38. Rg1 Rxg1 39. Kxg1 Ke6 40. Kf2 Kd7 41. Nb1 Kc6 42. Na3 Kc5 43. Ke2 Nc8 44. Kf2 b5 45. axb5 Nb6 46. Ke1 Na4 47. b3 cxb3 48. Kd2 b2 49. Kc2 b1Q+ 50. Nxb1 Kxb5 51. Na3+ Kc5 52. Kd2 Nb2 53. Nc2 Kc4 54. Na1 Na4 55. Kc2 Nc5 56. Kb2 Nd3+ 57. Ka3 Kxc3 58. Nb3 Ne1 59. Nc5 Nxf3 60. Nd7 Kd4 0-1

[Event "Zagreb op"]
[Site "Zagreb"]
[Date "2015.04.20"]
[Round "5"]
[White "Doric, Nenad"]
[Black "Selendic, Ivan"]
[Result "1-0"]
[WhiteElo "2323"]
[BlackElo "2035"]
[PlyCount "133"]
[EventDate "2015.04.17"]
[EventType "swiss"]
[EventRounds "9"]
[EventCountry "CRO"]
[SourceTitle "CBM 166 Extra"]
[Source "ChessBase"]
[SourceDate "2015.06.18"]
[SourceVersion "1"]
[SourceVersionDate "2015.06.18"]
[SourceQuality "1"]

1. d4 Nf6 2. Nf3 d5 3. c4 c6 4. Nc3 e6 5. Bg5 Be7 6. e3 Nbd7 7. Rc1 0-0 8. Bd3 dxc4 9. Bxc4 b5 10. Bd3 a6 11. e4 c5 12. e5 Nd5 13. Bxe7 Qxe7 14. dxc5 Nxc3 15. Rxc3 Nxc5 16. Bxh7+ Kh8 17. Bb1 Na4 18. Nd4 g6 19. Rh3+ Kg7 20. Qd2 Rh8 21. Rxh8 Kxh8 22. Be4 Bb7 23. Bxb7 Qxb7 24. 0-0 Qd5 25. Qh6+ Kg8 26. Nf3 Ra7 27. h4 Nxb2 28. h5 gxh5 29. Re1 Qd3 30. Qxh5 Qg6 31. Qh4 Rd7 32. g3 Qh7 33. Qg5+ Qg6 34. Qxg6+ fxg6 35. Ng5 Rd2 36. Nxe6 Nd3 37. Re3 Nxf2 38. Ng5 Ng4 39. Re4 Nxe5 40. Rxe5 Rxa2 41. Re6 Kg7 42. Rb6 Kh6 43. Ne6 Kh5 44. Nc7 g5 45. Rxa6 Rb2 46. Ra5 Kg4 47. Nxb5 Kxg3 48. Ra3+ Kh4 49. Nd4 g4 50. Kf1 Rb1+ 51. Kf2 Rb2+ 52. Ne2 Rb8 53. Re3 Rb2 54. Kg2 Ra2 55. Re8 Ra5 56. Rg8 Rg5 57. Rf8 Ra5 58. Kf2 Ra3 59. Rh8+ Kg5 60. Rg8+ Kh4 61. Nd4 Ra5 62. Ke3 Rg5 63. Rh8+ Rh5 64. Rf8 Kh3 65. Kf4 g3 66. Nf3 g2 67. Rg8 1-0

[Event "Velika Gorica op 10th"]
[Site "Velika Gorica"]
[Date "2012.08.29"]
[Round "9"]
[White "Selendic, Ivan"]
[Black "Bozicevic, Ivan"]
[Result "1-0"]
[WhiteElo "1889"]
[BlackElo "2057"]
[PlyCount "109"]
[EventDate "2012.08.20"]
[EventType "swiss"]
[EventRounds "9"]
[EventCountry "CRO"]
[SourceTitle "CBM 150 Extra"]
[Source "ChessBase"]
[SourceDate "2012.10.19"]
[SourceVersion "1"]
[SourceVersionDate "2012.10.19"]
[SourceQuality "1"]

1. e4 c5 2. Nf3 e6 3. d4 cxd4 4. Nxd4 Nf6 5. Nc3 d6 6. Be3 a6 7. f3 Be7 8. Qd2 Nc6 9. Be2 0-0 10. g4 Nxd4 11. Bxd4 Nd7 12. 0-0-0 b5 13. Rdg1 Nb6 14. h4 b4 15. Nd1 e5 16. Bxb6 Qxb6 17. Ne3 Be6 18. Bc4 Bxc4 19. Nxc4 Qc5 20. Ne3 Rfc8 21. Rg2 a5 22. Kb1 Rab8 23. g5 a4 24. Nd5 Bf8 25. Nf6+ Kh8 26. Nd7 Qa7 27. Nxb8 Rxb8 28. h5 b3 29. cxb3 axb3 30. a3 d5 31. Qxd5 Qe3 32. Rf1 Bc5 33. Qd2 Qxd2 34. Rxd2 Be3 35. Rd7 Kg8 36. Rd5 f6 37. g6 hxg6 38. hxg6 Kf8 39. Rd7 Rb6 40. Rh1 Bh6 41. Ra7 Rd6 42. Rc7 Rd2 43. Rc3 Rg2 44. Rxb3 Rxg6 45. Rb7 Rg3 46. Rf1 Ke8 47. a4 Kd8 48. a5 Kc8 49. a6 Rg6 50. b4 f5 51. b5 fxe4 52. fxe4 Bf4 53. Rf2 Rg1+ 54. Ka2 Rc1 55. Kb2 1-0

[Event "Velika Gorica op 10th"]
[Site "Velika Gorica"]
[Date "2012.08.27"]
[Round "7"]
[White "Selendic, Ivan"]
[Black "Matic, Zeljko"]
[Result "0-1"]
[WhiteElo "1889"]
[BlackElo "2212"]
[PlyCount "64"]
[EventDate "2012.08.20"]
[EventType "swiss"]
[EventRounds "9"]
[EventCountry "CRO"]
[SourceTitle "CBM 150 Extra"]
[Source "ChessBase"]
[SourceDate "2012.10.19"]
[SourceVersion "1"]
[SourceVersionDate "2012.10.19"]
[SourceQuality "1"]

1. e4 g6 2. d4 Bg7 3. Nf3 d6 4. Bc4 e6 5. 0-0 Ne7 6. Nc3 0-0 7. Bg5 h6 8. Be3 a6 9. Qd2 Kh7 10. Rfe1 b5 11. Bd3 Nd7 12. e5 Bb7 13. Ne4 Nf5 14. Bf4 dxe5 15. dxe5 Qe7 16. g4 Nh4 17. Nxh4 Qxh4 18. f3 Nxe5 19. Kg2 Nxd3 20. cxd3 e5 21. Bg3 Qe7 22. Qc3 Bd5 23. Rac1 c6 24. Qc5 Qe6 25. Nc3 Rfc8 26. d4 b4 27. Qxb4 Rcb8 28. Qc5 Rxb2+ 29. Kg1 Bxf3 30. dxe5 Qxg4 31. Qe3 Rg2+ 32. Kf1 Rxg3 0-1

[Event "Velika Gorica op 10th"]
[Site "Velika Gorica"]
[Date "2012.08.26"]
[Round "6"]
[White "Majeric, Zoran"]
[Black "Selendic, Ivan"]
[Result "1/2-1/2"]
[WhiteElo "2277"]
[BlackElo "1889"]
[PlyCount "125"]
[EventDate "2012.08.20"]
[EventType "swiss"]
[EventRounds "9"]
[EventCountry "CRO"]
[SourceTitle "CBM 150 Extra"]
[Source "ChessBase"]
[SourceDate "2012.10.19"]
[SourceVersion "1"]
[SourceVersionDate "2012.10.19"]
[SourceQuality "1"]

1. e4 d5 2. exd5 Nf6 3. Nf3 Nxd5 4. d4 e6 5. Bd3 c5 6. 0-0 Be7 7. Bb5+ Bd7 8. Bxd7+ Nxd7 9. c4 N5b6 10. b3 cxd4 11. Nxd4 0-0 12. Nc3 Bf6 13. Ba3 Nb8 14. Nde2 Qxd1 15. Raxd1 Rd8 16. Rxd8+ Bxd8 17. Rd1 Nc6 18. Ne4 Bc7 19. N2c3 Rd8 20. Rxd8+ Nxd8 21. Nb5 Bb8 22. Be7 Nc6 23. Bd6 Bxd6 24. Nexd6 a6 25. Nc3 Nd8 26. Nce4 Nd7 27. Kf1 Kf8 28. Ke2 f5 29. Nc3 Nf6 30. c5 Ke7 31. b4 Kd7 32. Nc4 Nc6 33. a3 g5 34. f3 h5 35. Kd3 g4 36. Ke3 e5 37. Nd6 f4+ 38. Kd3 b5 39. Nde4 Ke6 40. Nxf6 Kxf6 41. Ke4 Ke6 42. Nd5 g3 43. hxg3 fxg3 44. f4 h4 45. f5+ Kf7 46. Kf3 Nd4+ 47. Kg4 Nxf5 48. Nc3 Ke6 49. Ne4 Ne3+ 50. Kxh4 Nxg2+ 51. Kxg3 Ne3 52. Kf3 Nc4 53. c6 Nxa3 54. Nc5+ Kd6 55. Ke4 Kxc6 56. Nxa6 Nc2 57. Kxe5 Kb6 58. Nc5 Nxb4 59. Nb3 Nc6+ 60. Ke4 b4 61. Kd3 Kb5 62. Kc2 Ka4 63. Kb2 1/2-1/2

[Event "CRO-ch U17"]
[Site "Topusko"]
[Date "2012.07.29"]
[Round "9"]
[White "Selendic, Ivan"]
[Black "Matanovic, Luka"]
[Result "1-0"]
[WhiteElo "1889"]
[BlackElo "1932"]
[PlyCount "111"]
[EventDate "2012.??.??"]
[EventType "swiss"]
[EventRounds "9"]
[EventCountry "CRO"]
[SourceTitle "EXT 2013"]
[Source "ChessBase"]
[SourceDate "2012.11.22"]
[SourceVersion "1"]
[SourceVersionDate "2012.11.22"]
[SourceQuality "1"]

1. e4 e5 2. Nf3 Nc6 3. Bc4 Bc5 4. c3 Nf6 5. d4 exd4 6. cxd4 Bb4+ 7. Bd2 Nxe4 8. Bxb4 Nxb4 9. Bxf7+ Kxf7 10. Qb3+ d5 11. Qxb4 Rf8 12. Nc3 a5 13. Qb3 Nxc3 14. bxc3 Ra6 15. 0-0 Rf6 16. c4 c6 17. cxd5 cxd5 18. Rac1 b6 19. Rc6 Rxc6 20. Ne5+ Kg8 21. Nxc6 Qf6 22. Ne5 Kh8 23. Qxd5 Be6 24. Qb5 Qd8 25. Qb2 Qd5 26. a3 b5 27. Rb1 Qe4 28. Qxb5 Qxd4 29. Nf3 Qg4 30. Qxa5 Qg6 31. Re1 h6 32. Qa6 Rf6 33. Qa8+ Kh7 34. Qe4 Bf5 35. Qe8 Qg4 36. h3 Qc4 37. Qe3 Re6 38. Ne5 Qb5 39. f4 Ra6 40. g4 Bc8 41. Qe4+ Kg8 42. Qc4+ Qxc4 43. Nxc4 Be6 44. Nb2 Rb6 45. Nd3 Bd5 46. Nb4 Be6 47. Kf2 Kf7 48. Re3 Rb5 49. Ke2 h5 50. Kf3 h4 51. f5 Bc8 52. Kf4 Rc5 53. Nd3 Rc4+ 54. Kg5 Kf8 55. Ne5 Rc5 56. Ng6+ 1-0

[Event "CRO-ch U17"]
[Site "Topusko"]
[Date "2012.07.28"]
[Round "8"]
[White "Glavan, Marko"]
[Black "Selendic, Ivan"]
[Result "1-0"]
[WhiteElo "1940"]
[BlackElo "1889"]
[PlyCount "53"]
[EventDate "2012.??.??"]
[EventType "swiss"]
[EventRounds "9"]
[EventCountry "CRO"]
[SourceTitle "EXT 2013"]
[Source "ChessBase"]
[SourceDate "2012.11.22"]
[SourceVersion "1"]
[SourceVersionDate "2012.11.22"]
[SourceQuality "1"]

1. e4 d5 2. exd5 Nf6 3. Bb5+ Bd7 4. Bc4 Bg4 5. f3 Bf5 6. Nc3 c6 7. dxc6 Nxc6 8. d3 e6 9. Be3 a6 10. Nge2 Bd6 11. Qd2 Qe7 12. Bb3 0-0 13. 0-0 Rad8 14. Kh1 b5 15. Bf4 Bc5 16. Ng3 Bg6 17. Nge4 b4 18. Nxc5 Qxc5 19. Na4 Qe7 20. Be3 Nd4 21. Qf2 Nxb3 22. axb3 Rfe8 23. Nb6 Qb7 24. Bg5 Rb8 25. Nc4 Nd5 26. Be3 Rbc8 27. Nd6 1-0

[Event "CRO-ch U17"]
[Site "Topusko"]
[Date "2012.07.27"]
[Round "7"]
[White "Selendic, Ivan"]
[Black "Muha, Miljenko"]
[Result "1-0"]
[WhiteElo "1889"]
[BlackElo "1840"]
[PlyCount "49"]
[EventDate "2012.??.??"]
[EventType "swiss"]
[EventRounds "9"]
[EventCountry "CRO"]
[SourceTitle "EXT 2013"]
[Source "ChessBase"]
[SourceDate "2012.11.22"]
[SourceVersion "1"]
[SourceVersionDate "2012.11.22"]
[SourceQuality "1"]

1. e4 e6 2. d4 d5 3. exd5 exd5 4. Nf3 Nc6 5. Bd3 Bg4 6. c3 Bd6 7. 0-0 Nge7 8. Bg5 f6 9. Bh4 Qd7 10. Nbd2 0-0-0 11. b4 g5 12. Bg3 h5 13. b5 Nb8 14. Bxd6 Qxd6 15. Qa4 h4 16. Qxa7 Rdg8 17. Rfe1 Bxf3 18. Rxe7 Bg4 19. Rae1 Bd7 20. Nb3 b6 21. Nc5 bxc5 22. dxc5 Qf4 23. c6 Bg4 24. Qb7+ Kd8 25. Qxb8+ 1-0

[Event "CRO-ch U17"]
[Site "Topusko"]
[Date "2011.07.25"]
[Round "2"]
[White "Bonca, Pavle"]
[Black "Selendic, Ivan"]
[Result "0-1"]
[WhiteElo "1685"]
[BlackElo "1773"]
[PlyCount "62"]
[EventDate "2011.07.24"]
[EventType "swiss"]
[EventRounds "9"]
[EventCountry "CRO"]
[SourceTitle "EXT 2012"]
[Source "ChessBase"]
[SourceDate "2011.11.24"]
[SourceVersion "1"]
[SourceVersionDate "2011.11.24"]
[SourceQuality "1"]

1. Nf3 Nf6 2. c4 c6 3. g3 d5 4. b3 e6 5. Bg2 Nbd7 6. 0-0 e5 7. d3 Bd6 8. Bb2 0-0 9. Nbd2 Re8 10. Rc1 Nf8 11. Qc2 Bg4 12. Qb1 Qd7 13. cxd5 cxd5 14. Qa1 Ng6 15. Rc2 h5 16. d4 e4 17. Ne5 Bxe5 18. dxe5 Nh7 19. Rfc1 Qe6 20. Rc7 Bxe2 21. Rxb7 Ng5 22. Rcc7 h4 23. Bd4 Rf8 24. Bxa7 Rxa7 25. Rxa7 Nh3+ 26. Bxh3 Qxh3 27. Qe1 Nf4 28. gxf4 Qg4+ 29. Kh1 h3 30. Qg1 Bf3+ 31. Nxf3 Qxf3+ 0-1

[Event "CRO-chT2 U20 Center"]
[Site "Zagreb"]
[Date "2011.03.26"]
[Round "4.32"]
[White "Selendic, Ivan"]
[Black "Turk, Karlo"]
[Result "0-1"]
[WhiteElo "1749"]
[BlackElo "1986"]
[PlyCount "98"]
[EventDate "2011.03.19"]
[EventType "team-swiss"]
[EventRounds "7"]
[EventCountry "CRO"]
[SourceTitle "EXT 2014"]
[Source "ChessBase"]
[SourceDate "2013.11.20"]
[SourceVersion "1"]
[SourceVersionDate "2013.11.20"]
[SourceQuality "1"]

1. d4 e6 2. c4 b6 3. Nc3 Bb4 4. e4 Bb7 5. Bd3 Nf6 6. Bg5 h6 7. Bxf6 Qxf6 8. Nge2 Bxc3+ 9. bxc3 d6 10. 0-0 Nd7 11. a4 a5 12. f4 Qg6 13. Ng3 e5 14. Qh5 Qxh5 15. Nxh5 g6 16. Ng3 0-0 17. f5 Nf6 18. Rab1 Bc6 19. Bc2 Rae8 20. d5 Bb7 21. c5 Ba6 22. cxd6 Bxf1 23. Kxf1 cxd6 24. Rxb6 Rc8 25. Rxd6 Rxc3 26. Bd1 Kg7 27. Ra6 Rb8 28. fxg6 fxg6 29. Bf3 Rb1+ 30. Kf2 Rb2+ 31. Ne2 Rc4 32. Ra7+ Kf8 33. Ra8+ Ke7 34. Ra7+ Kd8 35. Ke3 Rb3+ 36. Kd2 Nxe4+ 37. Bxe4 Rxe4 38. Ng3 Rxa4 39. Kc2 Rxg3 40. hxg3 Rg4 41. Rxa5 Rxg3 42. Ra7 Rxg2+ 43. Kd3 Rg4 44. Ra6 h5 45. Re6 Kd7 46. Ke3 h4 47. Kf3 Rg5 48. Ra6 h3 49. Ke4 h2 0-1

[Event "CRO-ch U15 19th"]
[Site "Sibenik"]
[Date "2010.07.01"]
[Round "7"]
[White "Selendic, Ivan"]
[Black "Listes, Leon"]
[Result "1-0"]
[WhiteElo "1722"]
[BlackElo "1620"]
[PlyCount "37"]
[EventDate "2010.06.28"]
[EventType "swiss"]
[EventRounds "9"]
[EventCountry "CRO"]
[SourceTitle "CBM 137 Extra"]
[Source "ChessBase"]
[SourceDate "2010.09.01"]
[SourceVersion "1"]
[SourceVersionDate "2010.09.01"]
[SourceQuality "1"]

1. d4 Nf6 2. c4 g6 3. Nf3 Bg7 4. Nc3 d6 5. e4 0-0 6. Be2 c5 7. Be3 Na6 8. 0-0 Nc7 9. dxc5 dxc5 10. Bxc5 Bd7 11. Qb3 b6 12. Bb4 Re8 13. Rfd1 Qc8 14. Nd5 Nfxd5 15. cxd5 a5 16. Bc3 Bf8 17. Qxb6 Rb8 18. Qd4 f6 19. Bxa5 1-0